000 01068nas a2200265 4500
001 BR8300362
003 BR-BrBNA
005 20231205085412.0
007 ta
008 230509b bl.|||p| |||| 00| 00por d
040 _aBR-BrBNA
_bpor
_cBiblioteca Nacional de Agricultura
041 _a(Pt)
072 _aP10
100 1 _aNakano, H.
111 1 _aCongresso Nacional sobre Essencias Nativas
_cCampos do Jordao, SP (Brazil)
_d12 Sep 1982
245 1 _aManejo de bacias hidrograficas na floresta de producao de agua no Japao e problematica da bacia hidrografica do rio Paraiba [Sao Paulo, Brasil]
246 1 _a[Management of hydrographic basins in the water producing forest in Japan and problems of the hydrographic basin of Paraiba river [Sao Paulo, Brazil]]
650 _aBACIA HIDROGRAFICA
650 _aRECURSO HIDRICO
650 _aRIO PARAIBA
650 _aSAO PAULO
773 0 _tSilvicultura em Sao Paulo (Brazil)
_xISSN 0583-3132
_g(1982), v. 16-A(pt. 1) p. 160-177
_wBR8300362
909 _a202311
_bLúcia
_c55
_dLúcia Elande
942 _2AGRIS
_n0
_cANA
999 _c111220
_d111220